banner-ar

COLLOQUE INTERNATIONAL SUR L'TTISTOIRE DU CAIRO / (Record no. 11296)

MARC details
000 -الفاتح
حقل البيانات ثابتة الطول 00498nam a2200181Ia 4500
008 - عناصر البيانات ثابتة الطول - معلومات عامة
حقل البيانات ثابتة الطول 140319s9999 xx 000 0 eng d
040 ## - مصدر الفهرسة
وكالة الفهرسة الأصلية GCL /
وكالة النسخ GCL
082 04 - رقم تصنيف ديوى العشرى
رقم التصنيف CC
رقم المادة 962.16
-- M C
100 1# - المدخل الرئيسى - إسم شخصى
الإسم الشخصى MINISTRY OF CULTUR OF EGYPT
245 10 - بيان العنوان
العنوان COLLOQUE INTERNATIONAL SUR L'TTISTOIRE DU CAIRO /
بيان المسئوليه,etc MINISTRY OF CULTUR OF EGYPT
260 ## - PUBLICATION, DISTRIBUTION, ETC. (IMPRINT)
تاريخ النشر أو التوزيع 1969
300 ## - الوصف المادى
التعداد 474
650 04 - المدخل الاضافى بالموضوع-مصطلح موضوعى
مصطلح موضوعي HISTORY
650 04 - المدخل الاضافى بالموضوع-مصطلح موضوعى
مصطلح موضوعي CAIRO
650 04 - المدخل الاضافى بالموضوع-مصطلح موضوعى
مصطلح موضوعي ARCHAEOLOGY
942 ## - عناصر المدخل الإضافي( كوها)
مصدر التصنيف او مخطط الترفيف Dewey Decimal Classification
Koha [default] item type كتاب
260 ## - PUBLICATION, DISTRIBUTION, ETC. (IMPRINT)
-- [S.N] :
-- MINISTRY OF CULTURE ،
Holdings
حالة التراجع حالة الفقد حالة تلف ليس للاعارة المكان المؤقت الموقع الحالى تاريخ الاكتساب اجمالي اﻻعارات رقم الطلب الباركود تاريخ اخر مشاهدة تاريخ تفعيل السعر نوع وعاء كوها
        مكتبة القاهرة الكبرى مكتبة القاهرة الكبرى 03/26/2014   CC\962.16\M C 22404 03/26/2014 03/26/2014 كتاب

Powered By

EGPV